Apertura económica y des-encadenamientos productivos

Guardat en:
Dades bibliogràfiques
Autor principal: Dirven, Martine (Autor)
Format: Llibre
Idioma:espanyol
Publicat: Santiago Naciones Unidas 2001
Col·lecció:Libros de la CEPAL, 61
Matèries:
Etiquetes: Afegir etiqueta
Sense etiquetes, Sigues el primer a etiquetar aquest registre!

MARC

LEADER 00000nam a2200000 a 4500
001 UCN8231
003 CL-VaPUC
008 011109e20010700CL |||||||||||||||||spa|d
082 0 4 |a 338.181  |b DIR  |2 21 
100 0 |a Dirven, Martine  |e author  |9 464507 
245 1 0 |a Apertura económica y des-encadenamientos productivos 
300 |a 396 p 
942 |c BK 
945 |d 20011109 00:00:00  |a cmena 
260 |a Santiago  |b Naciones Unidas  |c 2001 
650 0 |a Industria agrícola   |9 264819 
650 0 |a Globalización  |9 361930 
650 0 |a Productos lácteos   |9 259521 
650 0 |a Economía internacional  |9 258254 
650 0 |a Tratados internacionales   |9 256056 
650 7 |a INDUSTRIA LECHERA  |2 CL-VaPUC  |9 259749 
583 |a last modification  |c 20160923 10:41:55  |k Rodrigo Vera 
490 0 |a Libros de la CEPAL, 61 
999 |c 298254  |d 298252 
952 |0 0  |1 0  |4 0  |6 338_181000000000000_DIR_2001  |7 0  |8 A  |9 353740  |a BIBAGR  |b BIBAGR  |d 2019-11-21  |i 3770907  |o 338.181 DIR 2001  |p 3770907  |r 2025-01-20  |w 2019-11-21  |y BK  |k AGR